Texas A & M University Graduate Catalog (Record no. 298657)
[ view plain ]
| 000 -LEADER | |
|---|---|
| fixed length control field | 00313 a2200121 4500 |
| 001 - CONTROL NUMBER | |
| control field | 63584 |
| 082 ## - DEWEY DECIMAL CLASSIFICATION NUMBER | |
| Classification number | 378.155016 TEX |
| 090 ## - LOCALLY ASSIGNED LC-TYPE CALL NUMBER (OCLC); LOCAL CALL NUMBER (RLIN) | |
| -- | 37578 |
| -- | 37578 |
| 100 ## - MAIN ENTRY--PERSONAL NAME | |
| Personal name | Texas A & M University |
| 245 ## - TITLE STATEMENT | |
| Title | Texas A & M University Graduate Catalog |
| 260 ## - PUBLICATION, DISTRIBUTION, ETC. | |
| Place of publication, distribution, etc. | Texas |
| Name of publisher, distributor, etc. | Texas A & M University |
| Date of publication, distribution, etc. | 1991 |
| 300 ## - PHYSICAL DESCRIPTION | |
| Extent | 371p |
| 942 ## - ADDED ENTRY ELEMENTS (KOHA) | |
| Institution code [OBSOLETE] | NUST-CAE |
| Call number prefix | 378.155016 TEX |
| Withdrawn status | Lost status | Damaged status | Not for loan | Collection code | Permanent Location | Current Location | Date acquired | Total Checkouts | Full call number | Barcode | Date last seen | Price effective from | Koha item type |
|---|---|---|---|---|---|---|---|---|---|---|---|---|---|
| College of Aeronautical Engineering (CAE) | College of Aeronautical Engineering (CAE) | 04/03/2017 | 378.155016 TEX | CAEG-5406 | 04/05/2017 | 04/05/2017 | Book |
